| 000 | 00512nam a2200145 a 4500 | ||
|---|---|---|---|
| 008 | 120416s0000 ||||||||||||||||| || u | ||
| 020 | _a0814313337 | ||
| 050 | _aNA 4413.D4 Fer | ||
| 100 | _aFerry, Hawkins W | ||
| 245 | 1 | 4 | _aThe buildings of Detroit |
| 246 | _aa history | ||
| 260 |
_aDetroit _bWayne State University Press _c1968 |
||
| 350 | _a0.00 | ||
| 995 |
_D0.00 _FCBU-MAIN LIBRARY (Kitwe) _H1 _I75.00 _M1 _UAVAILABLE _ZAnnex Low-Usage Collection |
||
| 999 |
_c36339 _d36339 |
||